书目信息 |
| 题名: |
技术教育概论
|
|
| 作者: | 细谷俊夫 ;王立精 , 肇永和 | |
| 分册: | ||
| 出版信息: | 北京 清华大学 1984 |
|
| 页数: | 369页 | |
| 开本: | 19cm | |
| 丛书名: | ||
| 单 册: | ||
| 中图分类: | G71 | |
| 科图分类: | ||
| 主题词: | 教育--类型 | |
| 电子资源: | ||
| ISBN: | ||
| 000 | 00600nam0 2200205 450 | |
| 001 | 0753865015 | |
| 005 | 20070818145745.01 | |
| 010 | @d¥1.70 | |
| 100 | @a20070818d km y0chiy0120 ea | |
| 101 | 0 | @achi |
| 200 | 1 | @a技术教育概论@Aji shu jiao yu gai lun@f(日)细谷俊夫@F(ri)xi gu jun fu@g肇永和,王立精@Gzhao yong he,wang li jing |
| 210 | @a北京@c清华大学@d1984 | |
| 215 | @a369页@d19cm | |
| 606 | 0 | @a教育@x类型 |
| 690 | @aG71@v3 | |
| 701 | 0 | @a细谷俊夫@Axi gu jun fu |
| 702 | 0 | @a王立精@Awang li jing |
| 702 | 0 | @a肇永和@Azhao yong he |
| 801 | 0 | @aCN@bPFT@c20070818 |
| 905 | @a213230@dG71@ee39@f1 | |
| 技术教育概论/(日)细谷俊夫/肇永和,王立精.-北京:清华大学,1984 |
| 369页;19cm |
| ISBN :¥1.70 |
| ● |
| 相关链接 |
|
|
|
|
正题名:技术教育概论
索取号:G71/e39
 
预约/预借
| 序号 | 登录号 | 条形码 | 馆藏地/架位号 | 状态 | 备注 |
| 1 | 6303202 | 263032024 | 教育系资料室/ [索取号:G71/e39] | 在馆 |